000 00587nam a2200181Ia 4500
005 20250508152045.0
008 008 250505s9999 xx 000 0 eng d
037 _aBooks to be hide in OPAC
040 _aFEDL
_beng
_cFEDL
041 _aeng
_2eng
084 _a504, HOG/O
_qFEDL
100 _aHorrabin J F
_9114913
245 0 _aScience for the citizen : A self-educator based on the social background of scientific discovery
260 _aLondon, UK
_bGeorge Allen and Unwin Limited
_c1938
300 _a1162p.
942 _cHB
_h504, HOG/O
999 _c1333989
_d1333989